| 000 | 00626nam a22002177a 4500 | ||
|---|---|---|---|
| 999 |
_c127770 _d127770 |
||
| 005 | 20181218163307.0 | ||
| 010 | _aA-896202 | ||
| 020 | _c65.00 | ||
| 035 | _aA-896202 | ||
| 037 | _bCen Lib/Ret | ||
| 082 |
_a573 _bDAS |
||
| 100 | _aDas, B. M | ||
| 245 |
_aOutline of physical anthropology / _cby B. M. Das |
||
| 260 |
_aAllahabad _bKitab Mahal _c1998 |
||
| 270 |
_a84, K. P. Kakkar Marg _bAllahabad _e211003 |
||
| 300 |
_aiv, 399p. : _c21cm(Hb) _bill. |
||
| 650 | _aAnthropology-human skeleton | ||
| 650 | _aPhysical anthropology-historical background | ||
| 942 |
_2ddc _cEN _h573 _mDAS |
||